| 000 | 01061nam a2200265 i 4500 | ||
|---|---|---|---|
| 001 | 155587 | ||
| 003 | ES-MaACL | ||
| 005 | 20251215140818.0 | ||
| 008 | 941221s1844 sp |||| | spa d | ||
| 100 | 1 |
_aHoracio Flaco, Quinto. _964182 |
|
| 245 | 1 | 4 |
_aLas poesías de Horacio / _ctraducidas en versos castellanos, con comentarios mitológicos, históricos y filológicos por Javier de Burgos. |
| 250 | _a2ª ed. refundida y considerablemente aum. | ||
| 260 |
_aMadrid : _bLibrería de D. Jose Cuesta..., _c1844. |
||
| 300 |
_a4 v. ; _c24 cm. |
||
| 490 | 1 | _aObras completas / Horacio | |
| 500 | _aÍndices (v. 4) | ||
| 596 | _aDatos de imp. en 3º y 4º v. : Imp. de Suarez. | ||
| 597 | _aT.I (XXXIV, 477 p.) -- T.II (493 p.) -- T.III (432 p.) -- T.IV (395, XXXVII p.) | ||
| 700 | 0 |
_aBurgos, Javier de, _d1778-1849 _932653 |
|
| 752 |
_aEspaña - _d, Madrid |
||
| 830 | 0 |
_aObras completas / Horacio _9221580 |
|
| 852 |
_aES-MaACL _jC-2423-26 _z- Enc. pasta española |
||
| 852 |
_aES-MaACL _jF-10919-22 _z- Enc. hol. |
||
| 999 |
_c155587 _d155587 |
||